LEADER 01095nam a2200277 i 4500 001 991000843269707536 005 20020507102208.0 008 960619s1995 it ||| | ita 035 $ab10137397-39ule_inst 035 $aLE00637809$9ExL 040 $aDip.to Fisica$bita 084 $a52.9.34 084 $a53.9 100 1 $aGratani, L.$0461300 245 10$aCaratterizzazione fitoclimatica e relazioni clima-produzione dell'area agricola di Tivoli /$cL. Gratani...[et al.] ; edito da A. Guerrini 260 $aCatania :$b[s.n.],$c1995 300 $a26 p. ;$c21 cm. 490 0 $aCollana del Progetto strategico : clima, ambiente e territorio nel Mezzogiorno 650 4$aClima 700 1 $aGuerrini, A. 907 $a.b10137397$b17-02-17$c27-06-02 912 $a991000843269707536 945 $aLE006 52.9.3 PIC$g1$i2006000150149$lle006$o-$pE0.00$q-$rl$s- $t0$u0$v0$w0$x0$y.i10162264$z27-06-02 996 $aCaratterizzazione fitoclimatica e relazioni clima-produzione dell'area agricola di Tivoli$9185657 997 $aUNISALENTO 998 $ale006$b01-01-96$cm$da $e-$fita$git $h0$i1 LEADER 00956nam2 22002653i 450 001 VEA0066555 005 20231121125919.0 100 $a20170703d1988 ||||0itac50 ba 101 | $afre 102 $afr 181 1$6z01$ai $bxxxe 182 1$6z01$an 200 1 $a˜1: œTexte$fJean-Claude Golvin 210 $aParis$cDiffusion de Boccard$d1988 215 $a458 p.$d32 cm. 461 1$1001UFI0026397$12001 $a˜L'œamphitheatre romain$eessai sur la theorisation de sa forme et de ses fonctions $fJean Claude Golvin$v1 700 1$aGolvin$b, Jean-Claude$3VEAV033500$4070$0320006 801 3$aIT$bIT-01$c20170703 850 $aIT-FR0017 899 $aBiblioteca umanistica Giorgio Aprea$bFR0017 $eN 912 $aVEA0066555 950 2$aBiblioteca umanistica Giorgio Aprea$d 52MAG 7/1155.1$e 52FLS0000179335 VMN RS $fA $h20170703$i20170703 977 $a 52 996 $aTexte$93627851 997 $aUNICAS